عرض عادي
عرض مارك
- English language
مدخل مصطلح موضوعي
001 - رقم الضبط
- حقل الضبط: 74357
003 - معرف رقم الضبط
- حقل الضبط: OSt
005 - تاريخ ووقت أخر عملية
- حقل الضبط: 20190821082946.0
008 - عناصر بيانات ثابتة الطول
- حقل تحكم ثابت الطول: 190821|| aca||aabn | a|a d
040 ## - مصدر الفهرسة
- هيئة الفهرسة الأصلية: OSt
- وكالة الكتابة: OSt
150 ## - مدخل-- مصطلح تاريخي
- عنصر مدخل المصطلح الموضوعي او الاسم الجغرافي: English language
- تفريع عام: Study and teaching (Higher)
670 ## - بيانات المصدر موجوده
- الاستشهاد بالمصدر: Work cat.: (OSt)0: Philpot, Sarah 74351, Headway academic skills, ©2011.
